000 00279nam a2200133Ia 4500
100 _aKanetkar/T.P
942 _cBK
654 _aSurveying
245 _aSurveying & Levalling
260 _bPune vidyarthi griha
_aPune
_c1984
300 _a692
546 _aENGLISH
999 _c19429
_d19429